000 00362 a2200121 4500
001 ART_41915
005 20260410161742.0
008 260409a
245 1 0 _aExención de las cargas sociales del personal extranjero
100 1 _aMontiel, Facundo
700 1 _aGebhardt, Jorge
773 0 _tDoctrina laboral
_g- Nº 325 (set. 2012)
_wREV4049
999 _c18839
_d18839